Filosofía política para principiantes

I tiakina i:
Ngā taipitopito rārangi puna kōrero
Ngā kaituhi matua: Robinson, Dave (Author), Groves, Judy (Author)
Hōputu: Pukapuka
Reo:Pāniora
I whakaputaina: Buenos Aires Era Naciente 2011
Rangatū:Para Principiantes, 99
Ngā marau:
Ngā Tūtohu: Tāpirihia he Tūtohu
Kāore He Tūtohu, Me noho koe te mea tuatahi ki te tūtohu i tēnei pūkete!

MARC

LEADER 00000cam a2200000 a 4500
001 UCF5801
003 CL-VaPUC
008 130328e20110000AG |||||||||||||||||spa|d
020 |a 9789875550223 
082 0 4 |a 320  |b ROB  |2 21 
100 0 |a Robinson, Dave  |e author  |9 567752 
700 0 |a Groves, Judy  |e author  |9 567753 
245 1 0 |a Filosofía política para principiantes 
300 |a 176 p 
942 |c BK 
945 |d 20130328 00:00:00  |a dcastane 
260 |a Buenos Aires  |b Era Naciente  |c 2011 
650 0 |a Ciencia política  |9 324218 
650 7 |a FILOSOFIA POLITICA  |2 CL-VaPUC  |9 567754 
650 0 |a Ideologías políticas   |9 255735 
583 |a last modification  |c 20130404 11:35:33  |k Rodrigo Vera 
490 0 |a Para Principiantes, 99 
999 |c 351205  |d 351203 
952 |0 0  |1 0  |4 0  |6 320_000000000000000_ROB_2011  |7 0  |8 A  |9 455179  |a BIBING  |b BIBING  |d 2019-11-22  |i 4958721  |l 4  |m 6  |o 320 ROB 2011  |p 4958721  |r 2025-01-20  |s 2023-11-20  |w 2019-11-22  |y BK  |k CUI